E9(山陰道など)のIC - Statistics

General Stats
  • This quiz has been taken 51 times
    3 since last reset
  • The average score is 80 of 106
Answer Stats
Answers % Correct
JCT 大山崎
100%
IC 長岡京
100%
IC
100%
IC 亀岡
100%
IC 八木東
100%
PA 南丹
100%
IC 八木中
100%
IC 八木西
100%
IC 園部
100%
PA 京丹波
100%
JCT 綾部
100%
IC 宮津天橋立
100%
IC 与謝天橋立
100%
IC 京丹後大宮
100%
IC 福部
100%
IC 鳥取
100%
IC 吉岡温泉
100%
IC 浜村鹿野温泉
100%
IC | SA はわい
100%
PA 琴浦
100%
IC 琴の浦
100%
IC/PA 名和
100%
IC 大山
100%
IC/JCT 米子東
100%
IC 米子中
100%
IC 米子西
100%
IC 安来
100%
IC 東出雲
100%
IC 松江東
100%
IC 松江中央
100%
IC 松江西
100%
IC 松江玉造
100%
SA 宍道湖
100%
IC | JCT 宍道
100%
IC 出雲
100%
IC 出雲多伎
100%
IC 大田中央・三瓶山
100%
IC 仁摩・石見銀山
100%
IC 温泉津
100%
IC 石見福光
100%
IC 江津
100%
IC 江津西
100%
IC 浜田東
100%
IC | JCT 浜田
100%
IC 萩・石見空港
100%
IC
100%
IC 千代川
67%
IC 丹波
67%
IC 京丹波みずほ
67%
IC 京丹波わち
67%
IC 綾部安国寺
67%
PA 由良川
67%
IC 舞鶴大江
67%
IC 佐津
67%
IC 香住
67%
IC 余部
67%
IC 新温泉浜坂
67%
IC 居組
67%
IC 東浜
67%
IC 岩美
67%
IC 鳥取西
67%
IC 青谷
67%
IC 泊東郷
67%
IC 大栄東伯
67%
IC 琴浦東
67%
IC 琴浦船上山
67%
IC 赤碕中山
67%
IC 中山
67%
IC 淀江
67%
IC 米子南
67%
JCT 松江
67%
IC 斐川
67%
IC 大田朝山
67%
IC 大田静間
67%
IC 湯里
67%
IC 浜田港
67%
IC 石見三隅
67%
IC 岡見
67%
IC 三隅
67%
IC/PA 明石
67%
IC 大原野
33%
IC 沓掛
33%
IC 大井
33%
IC 久斗
33%
IC 浦富
33%
IC 大谷
33%
IC 瑞穂宝木
33%
IC 日野川東
33%
IC 竹矢
33%
IC 矢田
33%
IC 出雲湖陵
33%
IC 相生
33%
IC 竹迫
33%
IC 原井
33%
IC 西村
33%
IC 遠田
33%
IC 久城
33%
IC 高津
33%
IC 須子
33%
IC 三見
33%
IC 俵山北
33%
IC 長門湯本温泉
33%
No matching quizzes found
Score Distribution
Percent of People with Each Score
Percentile by Number Answered
Your Score History
You have not taken this quiz since the last reset